The unwritten laws of finance and investment / (Record no. 5492)

MARC details
000 -LEADER
fixed length control field 00523nam a22001697a 4500
008 - FIXED-LENGTH DATA ELEMENTS--GENERAL INFORMATION
fixed length control field 130819b xxu||||| |||| 00| 0 eng d
020 ## - INTERNATIONAL STANDARD BOOK NUMBER
International Standard Book Number 9-7818-4668-2551
082 ## - DEWEY DECIMAL CLASSIFICATION NUMBER
Edition number 21 ed.
Classification number 332.6
Item number COL
100 ## - MAIN ENTRY--PERSONAL NAME
Personal name Cole, Robert
245 ## - TITLE STATEMENT
Title The unwritten laws of finance and investment /
Statement of responsibility, etc Robert Cole
260 ## - PUBLICATION, DISTRIBUTION, ETC. (IMPRINT)
Place of publication, distribution, etc Great Britain :
Name of publisher, distributor, etc Profile books ltd
Date of publication, distribution, etc 2011
300 ## - PHYSICAL DESCRIPTION
Extent 159 P. ;
Dimensions 18 cm.
650 ## - SUBJECT ADDED ENTRY--TOPICAL TERM
Topical term or geographic name as entry element Investments
650 ## - SUBJECT ADDED ENTRY--TOPICAL TERM
Topical term or geographic name as entry element The unwritten laws of finance and investment
650 ## - SUBJECT ADDED ENTRY--TOPICAL TERM
Topical term or geographic name as entry element Finance, Personal
942 ## - ADDED ENTRY ELEMENTS (KOHA)
Source of classification or shelving scheme Dewey Decimal Classification
Item type Books
Holdings
Withdrawn status Lost status Source of classification or shelving scheme Damaged status Not for loan Home library Current library Shelving location Date acquired Total Checkouts Full call number Barcode Date last seen Copy number Price effective from Koha item type Public note
    Dewey Decimal Classification     Law Development Centre Main Library Law Development Centre Main Library Text Books and Laws 08/19/2013   332.6 COL 6127/2013 08/19/2013 1 08/19/2013 Books Reserve